000
00260nam a2200109Ia 4500
008
220204s9999 xx 000 0 und d
082
_a
82-312.4
_b
AES
100
_a
Aeschylus
245
4
_a
The Oresteian trilogy
260
_a
England
_b
Penguin
_c
1978
942
_c
BK
999
_c
32971
_d
32971